000 00673nam a2200193 a 4500
001 000042698
005 20201002040331.0
008 140205s1992 ag 000 c spa d
020 _a8479693223
040 _aDO-SdBNP
_bspa
_cBNPHU
082 _axxx
_bM953b
100 1 _aMújica Laínez, Manuel,
_d1910-
_970007
245 1 3 _aEl Brazalete y otros relatos /
_cManuel Mújica Laínez ; editor Germán Sánchez Ruipérez.
260 _aBuenos Aires :
_bCompañía Europea de Comunicación e Información,
_c1992.
300 _a94 p. ;
_c19 cm.
490 1 _aBiblioteca de el sol
700 1 2 _aSánchez Ruipérez, Germán
_eed.
_970008
830 0 _aBiblioteca de el sol
_970009
999 _c42187
_d42187